বাংলা লেখার নিয়মকানুন : বানান ও ভাষারীতির গাইড-বুক / (Record no. 74246)
[ view plain ]
| 000 -LEADER | |
|---|---|
| fixed length control field | 01077nam a2200277 a 4500 |
| 001 - CONTROL NUMBER | |
| control field | 74246 |
| 003 - CONTROL NUMBER IDENTIFIER | |
| rucl marc code | BD-RjUL |
| 005 - DATE AND TIME OF LATEST TRANSACTION | |
| control field | 20211209082524.0 |
| 008 - FIXED-LENGTH DATA ELEMENTS--GENERAL INFORMATION | |
| fixed length control field | 180412t19981992bg ||||| |||| 00| 0 ben d |
| 020 ## - INTERNATIONAL STANDARD BOOK NUMBER | |
| International Standard Book Number | 984446045X |
| Terms of availability | Tk.100.00 |
| 035 ## - SYSTEM CONTROL NUMBER | |
| System control number | (BD-RjUL)74464 |
| 040 ## - CATALOGING SOURCE | |
| Original cataloging agency | BD-RjUL |
| Language of cataloging | eng |
| Transcribing agency | BD-RjUL |
| 041 ## - LANGUAGE CODE | |
| Language code of text/sound track or separate title | ben |
| 082 ## - DEWEY DECIMAL CLASSIFICATION NUMBER | |
| Edition number | 23 |
| Classification number | 891.44042 |
| Author mark and year | MAB 1998 |
| 100 1# - MAIN ENTRY--PERSONAL NAME | |
| Personal name | মামুদ, হায়াৎ |
| 9 (RLIN) | 221142 |
| 245 10 - TITLE STATEMENT | |
| Title | বাংলা লেখার নিয়মকানুন : বানান ও ভাষারীতির গাইড-বুক / |
| Statement of responsibility, etc. | হায়াৎ মামুদ, |
| 250 ## - EDITION STATEMENT | |
| Edition statement | ২য় সংস্করণ |
| 260 ## - PUBLICATION, DISTRIBUTION, ETC. (IMPRINT) | |
| Place of publication, distribution, etc. | ঢাকা : |
| Name of publisher, distributor, etc. | প্রতীক , |
| Date of publication, distribution, etc. | ১৯৯৮ |
| 300 ## - PHYSICAL DESCRIPTION | |
| Pagination | ১৭২ পৃ. ; |
| Size | ২২ সেমি. |
| 504 ## - BIBLIOGRAPHY, ETC. NOTE | |
| Bibliography, etc | গ্রন্থপঞ্জি সংযোজিত |
| 650 ## - SUBJECT ADDED ENTRY--TOPICAL TERM | |
| Topical term or geographic name as entry element | বাংলা ভাষা |
| Form subdivision | স্টাইল |
| 9 (RLIN) | 221143 |
| Topical term or geographic name as entry element | Bengali language |
| Form subdivision | Style. |
| 9 (RLIN) | 221144 |
| Topical term or geographic name as entry element | ভাষা শৈলী |
| 9 (RLIN) | 221145 |
| Topical term or geographic name as entry element | Language style. |
| 9 (RLIN) | 221146 |
| 942 ## - ADDED ENTRY ELEMENTS (KOHA) | |
| Source of classification or shelving scheme | Dewey Decimal Classification |
| Koha item type | Books |
| Lost status | Source of classification or shelving scheme | Damaged status | Not for loan | Collection code | Permanent Location | Current Location | Shelving location | Date acquired | Source of acquisition | Cost, normal purchase price | Total Checkouts | Full call number | Date last seen | Copy number | Koha item type |
|---|---|---|---|---|---|---|---|---|---|---|---|---|---|---|---|
| Dewey Decimal Classification | Not For Loan | Non-fiction | Central Library, University of Rajshahi | Central Library, University of Rajshahi | Reading Room | 09/10/1999 | Dhaka: papiras | 100.00 | B 891.44042 MAB 1998 | 12/04/2018 | C-1 | Books |